Experimental Psychology / : Understanding Psychological Research (Record no. 221)
[ view plain ]
| 000 -LEADER | |
|---|---|
| fixed length control field | 01215cam a22002054a 4500 |
| 005 - ΗΜΕΡΟΜΗΝΙΑ ΚΑΙ ΩΡΑ ΤΕΛΕΥΤΑΙΑΣ ΕΝΗΜΕΡΩΣΗΣ | |
| Πεδίο ελέγχου | 20250605163928.0 |
| 008 - FIXED-LENGTH DATA ELEMENTS--GENERAL INFORMATION | |
| Πεδίο ελέγχου σταθερού μήκους | 250528s ||||||||||||||||||||||||d |
| 035 ## - SYSTEM CONTROL NUMBER | |
| System control number | 14597 |
| 020 ## - ISBN | |
| ISBN | 7777750 |
| 040 ## - ΠΗΓΗ ΚΑΤΑΛΟΓΟΓΡΑΦΗΣΗΣ | |
| Φορέας πρωτότυπης καταλογογράφησης | MC Athens Campus Library |
| Γλώσσα καταλογογράφησης | Ελληνικά, Μοντέρνα (1453-) |
| Modifying agency | MC Athens Campus Library |
| Κανόνες περιγραφικής καταλογογράφησης | AACR2 |
| 245 1# - ΤΙΤΛΟΣ ΚΑΙ ΔΗΛΩΣΗ ΥΠΕΥΘΥΝΟΤΗΤΑΣ | |
| Τίτλος | Experimental Psychology / : Understanding Psychological Research |
| 260 ## - PUBLICATION, DISTRIBUTION, ETC. | |
| Name of publisher, distributor, etc. | Rand Mcnally College Publishing Company, |
| Date of publication, distribution, etc. | 1978 |
| 300 ## - PHYSICAL DESCRIPTION | |
| Extent | 524 |
| 520 ## - SUMMARY, ETC. | |
| Summary, etc. | Preface, Fundamental Concepts, Explanation in Science and Psychology, Research Techniques: Observation and Correlation, Research Techniques: Experiments, How to Read a Journal Article: Self-Defence for Students, Experimental Psychology: A Historical Sketch, Chapter Organization: A Guide to the Rest of the Book, Principles and Practices, Conditioning, Applications of Learning Theory: Methodology Outside the Laboratory, Psychophysics, Perception, Attention and Reaction Time, Memory, Thinking and Problem Solving, Individual Differences, Social Influence, Environmental Psychology, Statistical Reasoning: An Introduction, Credits, Glossary, Name and Subject Index. |
| 700 1# - ΠΡΟΣΘΕΤΗ ΑΝΑΓΡΑΦΗ--ΦΥΣΙΚΟ ΠΡΟΣΩΠΟ | |
| Personal name | Kantowitz Barry H |
| 9 (RLIN) | 52 |
| 700 1# - ΠΡΟΣΘΕΤΗ ΑΝΑΓΡΑΦΗ--ΦΥΣΙΚΟ ΠΡΟΣΩΠΟ | |
| Personal name | Roediger Henry L |
| 9 (RLIN) | 53 |
| 942 ## - ADDED ENTRY ELEMENTS (KOHA) | |
| Koha item type | Books |
| Τύπος τεκμηρίου | Βιβλιοθήκη | Τρέχουσα τοποθεσία | Barcode | Αριθμός εισαγωγής | Ημερομηνία απόκτησης | Ταξιθετικό σύμβολο | Αριθμός αντιτύπου | Κατάσταση απόσυρσης | Κατάσταση χαμένου | Κατάσταση κατεστραμμένου | Μη δανεισμός | Σύνολο δανεισμών | Ημερομηνία τελευταίας εμφάνισης | Η τιμή ισχύει από |
|---|---|---|---|---|---|---|---|---|---|---|---|---|---|---|
| Books | MC Athens Campus Library | MC Athens Campus Library | 9780000002204 | 2581 | 05/06/2025 | 152 ΚΑΝ | 1 | 05/06/2025 | 05/06/2025 |